Electromagnetic Wave Propagation in Turbulence: Evaluation and Application of Mellin Transforms (ბიბ.ჩანაწერი № 54343)
[ მარტივი ფორმატი ]
| 000 -LEADER | |
|---|---|
| fixed length control field | 00825nam a2200265Ia 4500 |
| 001 - CONTROL NUMBER | |
| control field | 21399 |
| 003 - CONTROL NUMBER IDENTIFIER | |
| control field | GE_BSU |
| 008 - FIXED-LENGTH DATA ELEMENTS--GENERAL INFORMATION | |
| fixed length control field | 181216s||||||||xx |||||||||||||| ||und|| |
| 020 ## - INTERNATIONAL STANDARD BOOK NUMBER | |
| International Standard Book Number | 0387576193 |
| 040 ## - CATALOGING SOURCE | |
| Transcribing agency | GE_BSU |
| 080 ## - UNIVERSAL DECIMAL CLASSIFICATION NUMBER | |
| Universal Decimal Classification number | 539.2 |
| 100 ## - MAIN ENTRY--PERSONAL NAME | |
| Personal name | Sasiela, Richard J. |
| 245 ## - TITLE STATEMENT | |
| Title | Electromagnetic Wave Propagation in Turbulence: Evaluation and Application of Mellin Transforms |
| 245 ## - TITLE STATEMENT | |
| Statement of responsibility, etc. | Editors L.M. Brekhovskikh., L.B. Felsen., H. A. Haus and other |
| 260 ## - PUBLICATION, DISTRIBUTION, ETC. | |
| Place of publication, distribution, etc. | Berlin |
| 260 ## - PUBLICATION, DISTRIBUTION, ETC. | |
| Name of publisher, distributor, etc. | Springer- Verlag |
| 260 ## - PUBLICATION, DISTRIBUTION, ETC. | |
| Date of publication, distribution, etc. | 1994 |
| 300 ## - PHYSICAL DESCRIPTION | |
| Extent | 300 p. 24cm. |
| 300 ## - PHYSICAL DESCRIPTION | |
| Accompanying material | Bibl.:p. 289-295., Index.: p. 297-300 |
| 653 ## - INDEX TERM--UNCONTROLLED | |
| Uncontrolled term | Electromagnetic Wave Propagation in Turbulence: Evaluation and Application of Mellin Transforms |
| 653 ## - INDEX TERM--UNCONTROLLED | |
| Uncontrolled term | физика |
| 653 ## - INDEX TERM--UNCONTROLLED | |
| Uncontrolled term | ფიზიკა |
| 942 ## - ADDED ENTRY ELEMENTS (KOHA) | |
| Koha item type | წიგნი |
არაა ხელმისაწვდომი ეგზემპლარები.
